| 000 | 00968cam a2200205 4500 | ||
|---|---|---|---|
| 001 | WB@3612-193 | ||
| 008 | 040819n2004 000 0 eng u | ||
| 035 | _a(Sirsi) u127107 | ||
| 245 | _aRICS response to ODPM | ||
| 260 | _c2004 | ||
| 490 |
_aRICS Policy Unit Submission _v(033-NAJ-2004) 16 August 2004 (9) |
||
| 520 | _aThe RICS has responded to the ODPM draft guidance on the Planning and Compulsory Purchase Act 2004 Part VIII. As well as making detailed comments on the specific provisions contained in the draft, the response also stresses the need for government to continue to reform the compulsory purchase system if the system is to genuinely assist with land assembly and urban regeneration. http://www.rics.org | ||
| 590 | _aWB | ||
| 590 | _aWB | ||
| 650 | _aPLANNING AND COMPULSORY PURCHASE ACT 2004 PART VIII | ||
| 650 | _aHOME LOSS PAYMENTS | ||
| 650 | _aURBAN REGENERATION | ||
| 690 | _aCOMPULSORY PURCHASE AND COMPENSATION | ||
| 942 | _n0 | ||
| 999 |
_c117867 _d117867 |
||